Breve historia de la medicina: (Registro nro. 10941)

Detalles MARC
000 -LIDER
fixed length control field 01184cam a2200373 i 4500
001 - NÚMERO DE CONTROL
Identificador de número de control 0000545
003 - IDENTIFICACDOR DE NÚMERO DE CONTROL
control field DO-SdBNP
005 - DATE AND TIME OF LATEST TRANSACTION
control field 20171109121341.0
007 - CAMPOS FIJOS DE DESCRIPCIÓN FÍSICA
fixed length control field 0000545
008 - ELEMENTOS DE LONGITUD FIJA
fixed length control field 100514s2004 mx c| |g|| 000 f s|aspa
015 ## - NÚMERO DENTRO DE LA BIBLIOGRAFÍA NACIONAL
National bibliography number
017 ## - NÚMERO DE REGISTRO DE DERECHOS DE AUTOR
Copyright or legal deposit number
Assigning agency
020 ## - ISBN
International Standard Book Number 9681913302
035 ## - NÚMERO LOCAL
System control number
040 ## - FUENTE DE CATALOGACIÓN
Agencia que crea de manera original el registro BPMSU
Idioma de catalogación spa
Agencia que realiza la transcripción BPMSU
Convenciones de la despripción
080 ## - NÚMERO DE CLASIFICACIÓN DECIMAL UNIVERSAL
Universal Decimal Classification number
082 #4 - NÚMERO DE CLASIFICACIÓN DECIMAL DE DEWEY
Classification number 610.9
Item number P844b
100 1# - ASIENTO PRINCIPAL -- NOMBRE PERSONAL
Nombre personal Porter, Roy,
Fechas asociadas con el nombre 1946-2002
240 10 - TITULO UNIFORME
Título uniforme Blood & guts. A short history of medicine /
Idioma de una obra Español
245 10 - MENCIÓN DE TITULO
Título Breve historia de la medicina:
Subtítulo las personas, la enfermedad y la atención sanitaria /
Medio (Designación general de material)
Mención de responsabilidad Roy Porter ; traducción Irene Cienfuentes, Teresa Carretero
260 ## - PUBLICACIÓN, DISTRIBUCIÓN, ETC. (PIE DE IMPRENTA)
Lugar de publicación, distribución, etc México :
Nombre del editor, distribuidor, etc. Santillana Ediciones Generales:
-- Taurus,
Fecha de publicación, distribución, etc 2004.
300 ## - DESCRIPCIÓN FÍSICA
Extensión 302 p.:
Dimensiones 19 cm.
Otros detalles físicos il., retrs.
490 1# - MENCIÓN DE SERIES
Mención de serie Taurus minor
500 ## - NOTA GENERAL
Nota general Incluye índice temático.
504 ## - NOTA DE BIBLIOGRAFÍA, ETC.
Bibliography, etc Bibliografía: p: 259-280
586 ## - AWARDS NOTE
Awards note Premio Doncel de Biografía 1962
650 ## - ENCABEZAMIENTO DE MATERIA--TEMÁTICO
Término temático o nombre geográfico como elemento de entrada MEDICINA
Subdivisión temática general HISTORIA
700 12 - ASIENTO SECUNDARIO -- NOMBRE PERSONAL
Nombre personal Cienfuentes, Irene,
Mención de responsabilidad tr.
700 12 - ASIENTO SECUNDARIO -- NOMBRE PERSONAL
Nombre personal Carretero, Teresa,
Mención de responsabilidad tr.
830 #0 - ASIENTO SECUNDARIO DE SERIE--TÍTULO UNIFORME
Título uniforme Taurus minor
942 ## - ADDED ENTRY ELEMENTS (KOHA)
Source of classification or shelving scheme Dewey Decimal Classification
Koha item type Libros
945 ## - INFORMACIÓN DE PROCESAMIENTO LOCAL
Información de procesamiento local Inventariado extranjero / 2017 VM
956 ## - LOCAL ELECTRONIC LOCATION AND ACCESS (OCLC)
Nombre de host YLOCKWARD
Campo enlazado y núm. de secuencia 10
Información de compresión BPMSU
Existencias
Withdrawn status Lost status Source of classification or shelving scheme Damaged status Not for loan Collection code Home library Current library Date acquired Source of acquisition Total Checkouts Full call number Barcode Date last seen Price effective from Koha item type Copy number
    Dewey Decimal Classification     Colección General Biblioteca Pública Metropolitana Salomé Ureña Biblioteca Pública Metropolitana Salomé Ureña 07/19/2016 Alfaguara   610.9 P844b BPMSU16070538 07/19/2016 07/19/2016 Libros  
    Dewey Decimal Classification     Colección General Biblioteca Pública Metropolitana Salomé Ureña Biblioteca Pública Metropolitana Salomé Ureña 07/19/2016 Alfaguara   610.9 P844b BPMSU16070539 07/19/2016 07/19/2016 Libros e. 2
    Dewey Decimal Classification     Colección General Biblioteca Pública Metropolitana Salomé Ureña Biblioteca Pública Metropolitana Salomé Ureña 07/19/2016 Alfaguara   610.9 P844b BPMSU16070540 07/19/2016 07/19/2016 Libros e. 3